The Romani People ("Gypsies" / "Gipsies") - Statistics

General Stats
  • This quiz has been taken 55 times
  • The average score is 7 of 26
Answer Stats
Hint Answer % Correct
History Modern-day country of origin India
95%
History Modern-day country of origin according to the French, hence the misnomer "Bohémiens" Czechia (region of Bohemia)
67%
History Country of origin they were thought to come from, hence the misnomer "Gypsy" Egypt
56%
History Century when first Romani people came to America 15th century
51%
History Concentration camp where the mass murder of the Roma people took place on Aug 2nd, 1944 Auschwitz
44%
History Spanish-Romani dance that often involves castanets Flamenco
42%
The Romani Language Language family Indo-European
40%
Symbols colours blue, green, red
37%
Symbols object on it "dharmachakra" - cartwheel
37%
The Romani Language Language branch Indo-Iranian / Indo-Aryan
33%
Fictional Roma People Heroine from The Hunchback of Notre-Dame by V. Hugo Esmeralda
30%
The Romani Language "friend" p{al}
30%
In Fiction Hero from The Hunchback of Notre-Dame by V. Hugo Quasimodo
28%
The Romani Language "non-Romani" g{adjo}
23%
The Romani Language "upper class, fancy" p{osh}
21%
In Fiction Sister of Quicksilver from the Avengers known for her magic abilities Scarlet Witch (Wanda Maximoff)
19%
In Fiction The namesake of P. Mérimée's novella and G. Bizet's opera Carmen
14%
History Occupation of the "Rom Baro" Tribal leader
14%
In Fiction The antihero of E. Brontë's Wuthering Heights (possibly) Heathcliff
12%
In Fiction The Fantastic Four's archenemy who rules over Latveria Doctor Doom
9%
The Romani Language "police informer" n{ark}
9%
History Badge assigned to the Roma people by the Nazis* Brown triangle
7%
History Occupation of the "Ursari" (also known as "Richinara") Training bears and other animals
7%
Symbols Patron Saint of the Romani people Saint Sarah (Sara-la-Kâli)
5%
History Date of the Roma Holocaust Memorial Day Aug 2nd
2%
Symbols Place to which a statue of the saint is carried during the Saintes-Maries-de-la-Mer pilgrimage the sea
2%
No matching quizzes found
Score Distribution
Percent of People with Each Score
Percentile by Number Answered
Your Score History
You have not taken this quiz